| 000 | 00341nam a22001337a 4500 | ||
|---|---|---|---|
| 008 | 170925b xxu||||| |||| 00| 0 eng d | ||
| 020 | _a9780787998684 | ||
| 041 | _aeng | ||
| 080 | _a37 | ||
| 100 | _a46 | ||
| 101 | _aEDU | ||
| 245 |
_aPROMOTING COMMUNITY RENEWAL THROUGH CIVIC LITERACY AND SERVICE LEARNING _cPARSONS,M,H |
||
| 942 |
_2udc _cBK |
||
| 999 |
_c29538 _d29538 |
||